Statistics for Countries whit the most Skyscrapers

Click here to take the quiz!

General Stats

  • This quiz has been taken 31 times
  • The average score is 11 of 15

Answer Stats

QuantityAnswer% Correct
2055China
100%
251Japan
96%
Old(1)Mexico
96%
800USA
96%
Old(1)Brazil
88%
108Canada
85%
91Malaysia
81%
220South korea
81%
102Indonesia
77%
Old(5)Russia
77%
109Australia
73%
104Thailand
73%
251UAE
69%
Old(1)Poland
23%
Old(1)Algeria
8%

Score Distribution

Percentile by Number Answered

Percent of People with Each Score

Your Score History

You have not taken this quiz